header

VSAM demystified (Record no. 210589)

MARC details
000 -LEADER
fixed length control field 01369nam a2200349Ia 4500
082 04 - DEWEY DECIMAL CLASSIFICATION NUMBER
Classification number 006.8
245 00 - TITLE STATEMENT
Title VSAM demystified
250 ## - EDITION STATEMENT
Edition statement 2nd ed.
260 ## - PUBLICATION, DISTRIBUTION, ETC. (IMPRINT)
Place of publication San Jose, CA :
Name of publisher IBM, International Technical Support Organization,
Year of publication 2003.
300 ## - PHYSICAL DESCRIPTION
Number of Pages xxiv, 494 p. :
Other physical details ill.
490 1# - SERIES STATEMENT
Series statement IBM redbooks
500 ## - GENERAL NOTE
General note "September 2003."
650 #0 - SUBJECT ADDED ENTRY--TOPICAL TERM
Topical Term Virtual computer systems.
Topical Term Digital computer simulation.
700 1# - ADDED ENTRY--PERSONAL NAME
Personal name Lovelace, Dave.
856 40 - ELECTRONIC LOCATION AND ACCESS
Uniform Resource Identifier http://site.ebrary.com/lib/rucke/Doc?id=10112102

No items available.

© 2026 Rongo University
Contact us: librarian | system librarian | Rongo university